Statistiques concernant Clubs par pays #1

Cliquez ici pour prendre le quiz!

Statistiques générales

  • Ce quiz a été pris 406 fois
  • Le résultat moyen est 9 sur 10

Statistiques - réponses

HintRéponse% Correct
EspagneFC barcelone / Real Madrid / Atlético de Madrid
92%
Royaume-Uni (angleterre)Manchester City / Manchester United
91%
PortugalFC Porto / SL Benfica
90%
ItalieJuventus de Turin / AC Milan
90%
FranceParis-Saint-Germain / Olympique de Marseille
90%
BelgiqueAnderlecht / Club Bruges
89%
AllemagneBayern de Munich / Borussia Dortmund
89%
SuisseServette Genève / FC Zurich
88%
AutricheRed Bull Salzbourg / Rapid Vienne
84%
Royaume-Uni (écosse)Celtic / Rangers
81%

Distribution des résultats

Percentile par nombre de réponses

% des personnes avec chaque résultat

Votre développement - résultats

Vous n’avez pas pris ce quiz